[Event "Let's Play Chess!"]
[Site "http://www.queenalice.com/game.php?id=1612505"]
[Date "2020.5.16"]
[Round "-"]
[White "luisdelape"]
[Black "Erithacus"]
[Result "1-0"]
[WhiteElo "1848"]
[BlackElo "1812"]

1. e4 e6 2. a3 d5 3. e5 c5 4. Nc3 Nc6 5. Nf3 f6 6. exf6 Nxf6 7. Bb5 Bd7 8. d3 a6
9. Ba4 b5 10. Bb3 c4 11. dxc4 bxc4 12. Ba2 Be7 13. h3 O-O 14. Be3 h6 15. b3 cxb3
16. cxb3 Qa5 17. b4 Qxa3 18. Bd2 Qxb4 19. Nxd5 Qe4+ 20. Ne3 Nd4 21. Bb1 Qe5 22.
Nxe5 Bb5 23. Bc3 Nf5 24. Nxf5 exf5 25. Qb3+ Kh7 26. Bxf5+ Kh8 27. Ng6+ 1-0

[Event "Challenge"]
[Site "http://www.queenalice.com/game.php?id=1620038"]
[Date "2020.7.12"]
[Round "-"]
[White "MADMIKE"]
[Black "luisdelape"]
[Result "1-0"]
[WhiteElo "1826"]
[BlackElo "1860"]

1. d4 d5 2. Nc3 Nc6 3. Bf4 a6 4. h3 Nf6 5. Nf3 Bf5 6. e3 h6 7. Bd3 Qd7 8. O-O
Nb4 9. a3 Nxd3 10. cxd3 e6 11. Ne5 Qd8 12. f3 Bd6 13. e4 dxe4 14. fxe4 Bh7 15.
d5 exd5 16. Nxd5 Nxd5 17. exd5 Qe7 18. Re1 O-O 19. Ng6 Qf6 20. Bxd6 cxd6 21.
Nxf8 Rxf8 22. b4 Qd4+ 23. Kh1 Rc8 24. Rc1 Bf5 25. Rxc8+ Bxc8 26. Re8+ Kh7 27.
Rxc8 Qxd5 28. d4 g5 29. Qd3+ Kg7 30. Rc7 b5 31. Ra7 Qc6 32. Qf1 Qe8 33. Rxa6 d5
34. Rb6 Qe3 35. Qf6+ 1-0

[Event "Challenge"]
[Site "http://www.queenalice.com/game.php?id=1620039"]
[Date "2020.7.12"]
[Round "-"]
[White "luisdelape"]
[Black "MADMIKE"]
[Result "0-1"]
[WhiteElo "1863"]
[BlackElo "1834"]

1. e4 e5 2. a3 Nf6 3. Nc3 Bc5 4. h3 a6 5. Nf3 Nc6 6. Bc4 O-O 7. d3 h6 8. Na4 Ba7
9. Nh4 b5 10. Bxf7+ Rxf7 11. Nc3 d6 12. Bd2 Nh7 13. Nf3 Ng5 14. Bxg5 hxg5 15.
Qd2 g4 16. hxg4 Bxg4 17. Ng5 Bxf2+ 18. Qxf2 Rxf2 19. Kxf2 Qxg5 20. Raf1 Rf8+ 21.
Kg1 Rxf1+ 22. Kxf1 Qc1+ 23. Kf2 Qxh1 24. Nd5 Nd4 0-1

[Event "Let's Play Chess!"]
[Site "http://www.queenalice.com/game.php?id=1628528"]
[Date "2020.10.2"]
[Round "-"]
[White "igorjava"]
[Black "luisdelape"]
[Result "1-0"]
[WhiteElo "1943"]
[BlackElo "1830"]

1. e4 e5 2. f4 exf4 3. Nf3 Nc6 4. d4 Qe7 5. e5 d6 6. Bxf4 dxe5 7. dxe5 Qb4+ 8.
Bd2 Qe4+ 9. Be2 Bc5 10. Nc3 Qf5 11. Bd3 Qe6 12. Qe2 a6 13. Bc4 Qe7 14. Nd5 Qd8
15. a3 h6 16. Rf1 Bf5 17. O-O-O Qd7 18. Nh4 Bg4 19. Nf3 O-O-O 20. Bf4 Qf5 21.
Bg3 Re8 22. h3 Bh5 23. Bd3 Qd7 24. Bc4 Qf5 25. Bxa6 Na7 26. Bc4 Nf6 27. Ne3 Bxf3
28. Rxf3 Bxe3+ 29. Rxe3 Nd7 30. Rf3 Qg5+ 31. Bf4 Qe7 32. Re3 Nc5 33. Qg4+ Kb8
34. Qxg7 Reg8 35. Qf6 Qxf6 36. exf6 Rxg2 37. Bxf7 Rf2 38. Be5 Nb5 39. b4 Na4 40.
Bb2 Nxb2 41. Kxb2 Rxf6 42. Bc4 Nd6 43. Bb3 h5 44. Rg1 Rff8 45. Rg5 h4 46. Be6
Re8 47. Rge5 Rxe6 48. Rxe6 Nc4+ 49. Kb3 Nxe3 50. Rxe3 Rf8 51. c3 Rf4 52. Rd3 b5
53. Rd4 Rxd4 54. cxd4 c6 55. a4 bxa4+ 56. Kxa4 Kc7 57. b5 cxb5+ 58. Kxb5 Kd6 59.
Kc4 Ke6 60. d5+ Ke5 61. Kc5 Kf4 62. d6 Kg3 63. d7 Kxh3 64. d8=Q Kg4 65. Qg8+ Kf3
66. Qh7 Kg4 67. Qg6+ Kf4 68. Qg2 Kf5 69. Kd5 1-0

[Event "Let's Play Chess!"]
[Site "http://www.queenalice.com/game.php?id=1628599"]
[Date "2020.10.2"]
[Round "-"]
[White "luisdelape"]
[Black "igorjava"]
[Result "0-1"]
[WhiteElo "1845"]
[BlackElo "1866"]

1. e4 c5 2. Bc4 Nc6 3. d3 d6 4. a3 Nf6 5. Qf3 Ne5 6. Bb5+ Bd7 7. Bxd7+ Nfxd7 8.
Qe2 e6 9. Nc3 Be7 10. Nh3 h6 11. Be3 a6 12. Nf4 Nf6 13. h3 O-O 14. g4 d5 15.
exd5 Nxd5 16. Ncxd5 exd5 17. h4 d4 18. Bd2 Ng6 19. h5 Nxf4 20. Bxf4 Re8 21.
O-O-O b5 22. b3 Qa5 23. Kb2 c4 24. Ra1 Qc3+ 25. Kb1 Bxa3 26. Qxe8+ Rxe8 27. Rxa3
cxd3 28. cxd3 Qxd3+ 29. Ka1 Qc3+ 30. Kb1 Re2 31. Rc1 Qb2# 0-1

[Event "Let's Play Chess!"]
[Site "http://www.queenalice.com/game.php?id=1638690"]
[Date "2021.1.3"]
[Round "-"]
[White "edkgpp"]
[Black "luisdelape"]
[Result "1-0"]
[WhiteElo "1976"]
[BlackElo "1809"]

1. Nf3 Nc6 2. d4 d5 3. Bf4 a6 4. Nc3 Nf6 5. e3 h6 6. Ne5 Nxe5 7. dxe5 Nd7 8.
Qxd5 e6 9. Qf3 Nb6 10. Rd1 Qe7 11. a3 Ra7 12. h4 Bd7 13. Bd3 Bc6 14. Qg3 g6 15.
e4 Qc5 16. O-O Bg7 17. Be3 Qe7 18. h5 g5 19. f4 f6 20. exf6 Bxf6 21. e5 gxf4 22.
Bg6+ Kf8 23. exf6 fxg3 24. fxe7+ Kxe7 25. Bc5# 1-0

[Event "Let's Play Chess!"]
[Site "http://www.queenalice.com/game.php?id=1638691"]
[Date "2021.1.3"]
[Round "-"]
[White "luisdelape"]
[Black "edkgpp"]
[Result "0-1"]
[WhiteElo "1819"]
[BlackElo "1966"]

1. e4 e5 2. Nc3 Nf6 3. a3 d5 4. exd5 Bc5 5. Bc4 c6 6. dxc6 Bxf2+ 7. Kxf2 Qd4+ 8.
Ke1 Qxc4 9. cxb7 Bxb7 10. Nf3 O-O 11. d3 Qc7 12. h3 Re8 13. Be3 Nc6 14. Rf1 e4
15. dxe4 Nxe4 16. Nxe4 Rxe4 17. Qd3 Qg3+ 18. Rf2 Ne5 19. Nxe5 Rxe3+ 20. Qxe3
Qxe3+ 21. Kf1 Qxe5 22. Re1 Ba6+ 23. Ree2 Re8 0-1

[Event "Let's Play Chess!"]
[Site "http://www.queenalice.com/game.php?id=1642201"]
[Date "2021.2.2"]
[Round "-"]
[White "charles31"]
[Black "luisdelape"]
[Result "0-1"]
[WhiteElo "1625"]
[BlackElo "1810"]

1. e4 e5 2. d4 Nf6 3. Nc3 Bb4 4. dxe5 Nxe4 5. Bd2 Qe7 6. Nxe4 Qxe5 7. Qe2 Bxd2+
8. Kxd2 O-O 9. Nf3 Qf4+ 10. Qe3 Qf5 11. Bd3 Nc6 12. Nh4 Qh5 13. g3 d6 14. f3 b6
15. Ng2 Bb7 16. g4 Qe5 17. c3 Rae8 18. f4 Qd5 19. f5 Ne5 20. h3 Nxd3 21. Qxd3
Qxd3+ 22. Kxd3 Bxe4+ 23. Kd4 Bxg2 24. Rh2 c5+ 25. Kd3 Bd5 26. c4 Bc6 27. b3 Re4
28. Kd2 Rfe8 29. Rc1 Rd4+ 30. Kc2 a5 31. a3 d5 32. cxd5 Bxd5 33. g5 Re3 34. Rb1
Be4+ 35. Kb2 Bxb1 36. Kxb1 Rxb3+ 37. Kc2 a4 38. Re2 Kf8 0-1

[Event "Let's Play Chess!"]
[Site "http://www.queenalice.com/game.php?id=1642202"]
[Date "2021.2.2"]
[Round "-"]
[White "luisdelape"]
[Black "charles31"]
[Result "1-0"]
[WhiteElo "1800"]
[BlackElo "1643"]

1. e4 e5 2. Bc4 Nf6 3. Qf3 h6 4. a3 Nc6 5. Ne2 Bc5 6. h3 d6 7. d3 a6 8. Nbc3 Be6
9. Bxe6 fxe6 10. Qg3 Qe7 11. O-O g5 12. b4 Ba7 13. Bb2 Rg8 14. Qh2 O-O-O 15. a4
Nxb4 16. Rac1 Bd4 17. Ba3 d5 18. Nxd4 exd4 19. Na2 a5 20. Rb1 Qd7 21. Bxb4 axb4
22. Rxb4 dxe4 23. Qe5 Qe7 24. dxe4 b6 25. f3 d3 26. a5 Rd6 27. axb6 cxb6 28.
cxd3 Kd8 29. Rd4 Rxd4 30. Qxd4+ Kc7 31. Rc1+ Kb7 32. Nb4 Rd8 33. Qc4 Ra8 34.
Qc6+ 1-0

[Event "AdnanIsMotivated"]
[Site "http://www.queenalice.com/game.php?id=1643948"]
[Date "2021.2.17"]
[Round "-"]
[White "zubarev"]
[Black "luisdelape"]
[Result "1-0"]
[WhiteElo "1680"]
[BlackElo "1831"]

1. a3 e5 2. e4 Nf6 3. Nc3 a6 4. d3 h6 5. Nf3 Nc6 6. Be2 Bc5 7. O-O d6 8. Nd5 Be6
9. c4 Bxd5 10. cxd5 Ne7 11. Bd2 Qd7 12. Bb4 Bxb4 13. axb4 Ng6 14. Qb3 Nf4 15.
Rfe1 Qg4 16. Bf1 h5 17. Rac1 Rc8 18. h3 Nxh3+ 19. Kh2 Ng5 20. Re3 h4 21. Nxg5
Qxg5 22. Rce1 Ng4+ 23. Kh3 Nxe3 24. Rxe3 Qf4 25. Qd1 Qxf2 26. Rf3 Qg1 27. d4 Rh5
28. Bb5+ axb5 29. Qxg1 Ke7 30. Rf5 Rh6 31. dxe5 dxe5 32. Rxe5+ Kd6 33. Rf5 b6
34. Rxf7 g5 35. Rf5 g4+ 36. Kh2 Rg6 37. Rh5 h3 38. g3 Ra8 39. e5+ Kxd5 40. Qd1+
Kc6 41. Rh4 Re8 42. Rxg4 Rxg4 43. Qxg4 Rxe5 44. Kxh3 Kb7 45. Qf4 Re1 46. g4 Rb1
47. Qe4+ 1-0

[Event " DJ. CELEBRITY Channel"]
[Site "http://www.queenalice.com/game.php?id=1643949"]
[Date "2021.2.17"]
[Round "-"]
[White "luisdelape"]
[Black "zubarev"]
[Result "1-0"]
[WhiteElo "1819"]
[BlackElo "1718"]

1. e4 e5 2. Nf3 Nc6 3. a3 d6 4. h3 Nf6 5. Nc3 Be7 6. Bc4 Nd4 7. d3 c5 8. Nxd4
O-O 9. Nf3 Be6 10. Bxe6 fxe6 11. Ng5 Qd7 12. Be3 h6 13. Nf3 Nh5 14. Nh4 Bxh4 15.
Qxh5 Bf6 16. Qg4 b5 17. Bxh6 b4 18. axb4 cxb4 19. Ne2 a5 20. b3 Rac8 21. Rc1 d5
22. exd5 Qxd5 23. f3 Rc6 24. Ng3 Qc5 25. Bd2 Kf7 26. Ne4 Qe7 27. f4 exf4 28.
Qxf4 Kg8 29. Nxf6+ Rxf6 30. Qd4 Rd6 31. Qc5 e5 32. Bg5 Qf7 33. Bxf6 Qxf6 34.
Qxa5 Qh4+ 35. Ke2 Qh5+ 36. Ke1 Qh4+ 37. Ke2 e4 38. Qa8+ Kh7 39. Qxe4+ g6 40.
Qxh4+ Kg7 41. Ra1 Re6+ 42. Kd2 Rf6 43. Ra7+ 1-0

[Event "Let's Play Chess!"]
[Site "http://www.queenalice.com/game.php?id=1758646"]
[Date "2021.5.5"]
[Round "-"]
[White "luisdelape"]
[Black "Asspain"]
[Result "0-1"]
[WhiteElo "1805"]
[BlackElo "2108"]

1. e4 c6 2. h3 d5 3. e5 e6 4. a3 Nd7 5. Nf3 Qc7 6. d4 Ne7 7. Bd3 Ng6 8. O-O Be7
9. Nbd2 O-O 10. Nb3 c5 11. Bxg6 hxg6 12. c3 a5 13. dxc5 Nxe5 14. Bf4 f6 15. Nfd4
Bxc5 16. Nxc5 Qxc5 17. Re1 Bd7 18. Qd2 Nc4 19. Nb3 Qb6 20. Qc2 Ba4 21. Qxg6 Bxb3
22. Re2 e5 23. Bg3 Ba4 24. Rb1 Be8 25. Qd3 Bf7 26. b3 Nxa3 27. Rbb2 Qa6 28. Qe3
Nb5 29. Rec2 Nd6 30. Qf3 Ne4 31. Ra2 Nxg3 32. Qxg3 b5 33. Qd3 Rfd8 34. g4 d4 35.
c4 bxc4 36. bxc4 Rdb8 37. Ra4 Rb1+ 38. Kh2 Qc6 39. Rca2 Rh1+ 40. Kg3 Rg1+ 0-1

[Event "Let's Play Chess!"]
[Site "http://www.queenalice.com/game.php?id=1762292"]
[Date "2021.6.17"]
[Round "-"]
[White "Olavio"]
[Black "luisdelape"]
[Result "1-0"]
[WhiteElo "1928"]
[BlackElo "1820"]

1. e4 e5 2. Nf3 Nc6 3. Be2 Bc5 4. c3 Nf6 5. d3 h6 6. a4 Ng4 7. d4 exd4 8. Nxd4
Nge5 9. Be3 Qf6 10. Nf5 Bxe3 11. Nxe3 d6 12. O-O a6 13. Nd5 Qd8 14. b4 b6 15. b5
Nb8 16. Qb3 Be6 17. c4 Bxd5 18. exd5 a5 19. f4 Ned7 20. Nd2 Nf6 21. Rf3 O-O 22.
Bd1 Nbd7 23. Bc2 Nc5 24. Qe3 Re8 25. Qf2 Re7 26. Rg3 Qe8 27. Kf1 Rc8 28. Bf5 Rb8
29. h4 g6 30. Nf3 1-0

[Event "Challenge"]
[Site "http://www.queenalice.com/game.php?id=1762719"]
[Date "2021.6.22"]
[Round "-"]
[White "MADMIKE"]
[Black "luisdelape"]
[Result "1-0"]
[WhiteElo "1851"]
[BlackElo "1808"]

1. d4 c6 2. e4 e6 3. a3 Nf6 4. e5 Nd5 5. Nf3 h6 6. Be2 d6 7. exd6 Bxd6 8. O-O
Qf6 9. c3 Nd7 10. c4 Nc7 11. c5 Be7 12. Nc3 b6 13. cxb6 axb6 14. Ne4 Qf5 15. Bd3
Qd5 16. Nc3 Qa5 17. Bd2 Qa7 18. Be4 Bb7 19. Bf4 Rc8 20. b4 Nf6 21. Bd3 Ncd5 22.
Nxd5 Nxd5 23. Bg3 b5 24. Be4 Nc3 25. Qd3 Nxe4 26. Qxe4 c5 27. Qe3 cxd4 28. Nxd4
Bf6 29. Be5 Bxe5 30. Qxe5 O-O 31. Nxb5 Qb6 32. Nd6 Rc2 33. Qg3 Ba6 34. Rfc1 Qd4
35. Rd1 Rd2 36. Re1 Be2 37. h3 Bh5 38. b5 Qc5 39. Ne4 Qd4 40. Nxd2 Qxd2 41. a4
Qb4 42. Reb1 Qa5 43. b6 Qa8 44. a5 Be2 45. Qe3 Ba6 46. Qc5 Qb7 47. Qc7 Rb8 48.
Qxb7 Rxb7 49. Rc1 Kf8 50. Rc7 Rxc7 51. bxc7 Ke7 52. Rd1 f5 53. f4 g5 54. fxg5
hxg5 55. Kf2 f4 56. Kf3 e5 57. g3 fxg3 58. Kxg3 Ke6 59. Kg4 e4 60. Kxg5 Ke5 61.
h4 e3 62. h5 e2 63. Re1 Kd6 64. h6 1-0

[Event "Challenge"]
[Site "http://www.queenalice.com/game.php?id=1762720"]
[Date "2021.6.22"]
[Round "-"]
[White "luisdelape"]
[Black "MADMIKE"]
[Result "1-0"]
[WhiteElo "1801"]
[BlackElo "1885"]

1. e4 e5 2. Nf3 d6 3. Bc4 h6 4. Nc3 Nf6 5. h3 Be7 6. d3 a6 7. Bd2 O-O 8. a3 Nc6
9. Nh4 b5 10. Ba2 Be6 11. Bxe6 fxe6 12. Ng6 Rf7 13. Qf3 Nd4 14. Qd1 d5 15. Nxe5
Rf8 16. exd5 exd5 17. Na2 Bd6 18. Ng6 Qe8+ 19. Be3 Qxg6 20. Bxd4 Qxg2 21. Kd2
Bf4+ 22. Kc3 Qg6 23. b3 a5 24. Kb2 Qf7 25. Qf3 Bd6 26. Rae1 Bc5 27. Bxc5 Rfd8
28. Bd4 Rd6 29. Nc3 c6 30. Nd1 Rc8 31. Ne3 c5 32. Nf5 Rd7 33. Rhg1 Qh5 34. Qxh5
Nxh5 35. Bc3 b4 36. axb4 axb4 37. Bd2 Kh8 38. Re5 Nf6 39. Ne7 Rcc7 40. Ng6+ Kg8
41. Nh4 Kh7 42. f4 d4 43. Ra1 Rd6 44. Ra8 Rdd7 45. f5 Rc6 46. Ng6 Ng8 47. Ree8
Rxg6 48. Rxg8 1-0

[Event "Let's Play Chess!"]
[Site "http://www.queenalice.com/game.php?id=1765665"]
[Date "2021.7.29"]
[Round "-"]
[White "Olavio"]
[Black "luisdelape"]
[Result "0-1"]
[WhiteElo "1978"]
[BlackElo "1785"]

1. e4 e5 2. Nf3 Nc6 3. Nc3 a6 4. d4 exd4 5. Nxd4 Qf6 6. Be3 Bc5 7. Nf5 Bxe3 8.
Nxe3 Nge7 9. Ncd5 Nxd5 10. Nxd5 Qe5 11. Bd3 O-O 12. O-O b5 13. c3 Bb7 14. f4 Qd6
15. e5 Qc5+ 16. Rf2 g6 17. Nf6+ Kg7 18. Qf3 Qe7 19. Qh3 Rh8 20. Be4 Rad8 21. Qh4
Na5 22. Nh5+ Kf8 23. Nf6 h6 24. Bxb7 Nxb7 25. Raf1 d6 26. Rd1 dxe5 27. Rxd8+
Nxd8 28. Rd2 Nc6 29. fxe5 Kg7 30. Nh5+ gxh5 31. Qxh5 Kf8 32. Rd3 Qc5+ 33. Kh1
Qf2 34. Rd1 Qf4 35. Re1 Rg8 36. Kg1 Qd2 37. Re2 Qc1+ 38. Kf2 Qf4+ 39. Kg1 Nd8
40. Rf2 Qe3 41. h3 Rg7 42. Qh4 Ne6 43. Kh2 Qxe5+ 44. g3 Rg6 45. Qb4+ c5 46. Qh4
Ng5 47. Qg4 Kg7 48. Qh5 Qe3 49. Kg2 Ne4 50. Qe5+ Kf8 51. Qb8+ Kg7 52. Qe5+ f6
53. Qe7+ Kh8 54. Qf8+ Rg8 55. Rf3 Qe2+ 56. Kg1 Rxf8 0-1

[Event "Let's Play Chess!"]
[Site "http://www.queenalice.com/game.php?id=1765666"]
[Date "2021.7.29"]
[Round "-"]
[White "luisdelape"]
[Black "Olavio"]
[Result "0-1"]
[WhiteElo "1794"]
[BlackElo "1969"]

1. e4 e5 2. a3 Nf6 3. Nc3 Bc5 4. h3 Nc6 5. Bb5 Nd4 6. d3 c6 7. Bc4 O-O 8. Be3 a5
9. h4 d6 10. Nh3 Be6 11. Bxe6 Nxe6 12. Bxc5 Nxc5 13. Ng5 b5 14. Qd2 Ra7 15. h5
h6 16. Nf3 Nh7 17. Rh3 f5 18. exf5 Rxf5 19. g4 Rf4 20. Rg3 Qf6 21. Ne2 Rxf3 22.
Rg2 Ng5 23. O-O-O Rxf2 24. Rg3 d5 25. c3 Nb3+ 26. Kc2 Nxd2 27. Rxd2 Rf7 28. Re3
Nf3 29. Rd1 d4 30. cxd4 Nxd4+ 31. Kd2 Nxe2 32. Re1 Nf4+ 33. Kc1 e4 0-1